000
00333nam a2200121 a 4500
005
20141022142002.0
008
081002s19uu xx 00 eng d
050
_a
AVM
245
_a
War of the century: when hitler fought stalin; learning to win vengeance.
650
_a
VCD.
650
_a
Learning to win vengeance.
942
_c
AVM
999
_c
276333
_d
276333